[Event "4NCL/Div3/WES2 vs. FCA1"]
[Site "Telford ENG"]
[Date "2005.05.28"]
[Round "9.6"]
[White "Ioannides, Milton"]
[Black "Ferrington, Nigel M"]
[Result "1-0"]
[WhiteElo "2082"]
[BlackElo "2125"]
[PlyCount "121"]
[EventDate "2005.05.28"]
[EventType "team"]
[EventRounds "11"]
[EventCountry "ENG"]
[SourceDate "2004.09.21"]

1. b4 c6 2. c4 d5 3. e3 Bf5 4. d4 e6 5. c5 Nf6 6. Nc3 b6 7. Bd2 Nbd7 8. f4 Be7
9. Nf3 O-O 10. Be2 a5 11. a3 axb4 12. axb4 Rxa1 13. Qxa1 Qa8 14. O-O Ne4 15.
Nxe4 Bxe4 16. Qc3 bxc5 17. bxc5 Qb7 18. Ra1 Rb8 19. Ba6 Qb2 20. Qxb2 Rxb2 21.
Bc1 Rb8 22. Be2 Kf8 23. Nd2 Ke8 24. Ra6 Rc8 25. Nxe4 dxe4 26. Bd1 Nf6 27. Bc2
Bd8 28. h3 h6 29. g4 Kd7 30. Kg2 g5 31. Bd2 Ke8 32. Ba4 Kd7 33. fxg5 hxg5 34.
Be1 Nd5 35. Kf2 f5 36. gxf5 exf5 37. Bb3 Ne7 38. Ke2 Bc7 39. Ra7 Kd8 40. Be6
Rb8 41. h4 g4 42. h5 g3 43. Kf1 f4 44. exf4 Bxf4 45. h6 Bxh6 46. Bxg3 Rb1+ 47.
Kg2 Ng6 48. Bc7+ Ke8 49. Bd6 Nf4+ 50. Bxf4 Bxf4 51. Bd7+ Kf8 52. Bxc6 Be3 53.
Bxe4 Rb2+ 54. Kf3 Bxd4 55. Rc7 Rb3+ 56. Kg4 Rc3 57. c6 Be5 58. Rd7 Ke8 59. Kf5
Bg3 60. Kf6 Rc5 61. Bg6+ 1-0

[Event "4NCL/Div3/WES2 vs. FCA1"]
[Site "Telford ENG"]
[Date "2005.05.28"]
[Round "9.7"]
[White "Clark, Ian C"]
[Black "Mahony, Richard"]
[Result "1-0"]
[WhiteElo "2106"]
[BlackElo "2085"]
[PlyCount "119"]
[EventDate "2005.05.28"]
[EventType "team"]
[EventRounds "11"]
[EventCountry "ENG"]
[SourceDate "2004.09.21"]

1. e4 e6 2. d4 d5 3. Nc3 Bb4 4. Nge2 dxe4 5. a3 Be7 6. Nxe4 Nf6 7. N2c3 O-O 8.
Be3 Nbd7 9. Bd3 Nxe4 10. Bxe4 Nf6 11. Bf3 Bd7 12. Bxb7 Rb8 13. Bf3 Rxb2 14. O-O
h6 15. Qd3 Bd6 16. Nd1 Rb8 17. c4 Bc8 18. Nc3 Ba6 19. Rfb1 Rxb1+ 20. Rxb1 e5
21. dxe5 Bxe5 22. Qxd8 Rxd8 23. Nb5 Bxb5 24. cxb5 Rd3 25. Bxa7 Rxa3 26. Be3 Bd6
27. Rd1 Be5 28. h3 Rb3 29. Bc6 Kh7 30. Bd4 Bxd4 31. Rxd4 Rb1+ 32. Kh2 Ra1 33.
Rd2 Ra3 34. Re2 Ng8 35. Re8 Rc3 36. Rc8 Ne7 37. Rxc7 Nxc6 38. bxc6 Kg6 39. f3
h5 40. Kg3 Rc2 41. h4 Kf6 42. Rc8 g6 43. c7 Rc4 44. Kf2 Rc2+ 45. Ke3 Rc3+ 46.
Kd4 Rc1 47. Kd5 Rd1+ 48. Kc6 Rc1+ 49. Kd7 Rd1+ 50. Ke8 Rc1 51. g4 Kg7 52. gxh5
gxh5 53. Ke7 Re1+ 54. Kd6 Rd1+ 55. Ke5 Rc1 56. f4 f6+ 57. Ke6 Rc2 {=} 58. Re8
Rxc7 59. Re7+ Rxe7+ 60. Kxe7 1-0

[Event "4NCL/Div3/WES2 vs. FCA1"]
[Site "Telford ENG"]
[Date "2005.05.28"]
[Round "9.8"]
[White "Harbour, Tom"]
[Black "Norman, Dinah"]
[Result "1/2-1/2"]
[WhiteElo "1940"]
[BlackElo "2015"]
[PlyCount "75"]
[EventDate "2005.05.28"]
[EventType "team"]
[EventRounds "11"]
[EventCountry "ENG"]
[SourceDate "2004.09.21"]

1. c4 c6 2. Nc3 d5 3. d4 Nf6 4. e3 e6 5. Bd3 dxc4 6. Bxc4 Be7 7. f4 O-O 8. Nf3
b5 9. Bd3 Bb7 10. Ne4 Nbd7 11. Qc2 Rc8 12. Nc5 Nxc5 13. dxc5 Qd5 14. b4 Rfd8
15. Be2 Qe4 16. Qxe4 Nxe4 17. Bb2 h6 18. a4 a6 19. axb5 cxb5 20. O-O Nf6 21.
Nd4 Nd5 22. Nc2 Nf6 23. Bf3 Nd5 24. Rfd1 Rc7 25. Bxd5 Rxd5 26. Rxd5 exd5 27.
Nd4 Bf6 28. Rc1 Bxd4 29. exd4 f6 30. Re1 Kf7 31. Kf2 Re7 32. Rc1 Rc7 33. Rc3
Bc6 34. g4 Re7 35. Bc1 g5 36. fxg5 hxg5 37. Rf3 Kg6 38. Kg3 1/2-1/2

[Event "4NCL/Div3/CAMB1 vs. PPA1"]
[Site "Telford ENG"]
[Date "2005.05.28"]
[Round "9.4"]
[White "Morgan, Ben"]
[Black "Conlon, Joe"]
[Result "1-0"]
[WhiteElo "2239"]
[BlackElo "2207"]
[PlyCount "103"]
[EventDate "2005.05.28"]
[EventType "team"]
[EventRounds "11"]
[EventCountry "ENG"]
[SourceDate "2004.09.21"]

1. d4 Nf6 2. c4 g6 3. Nc3 Bg7 4. e4 d6 5. Nf3 O-O 6. h3 e5 7. d5 Nh5 8. Nh2 a5
9. g3 Na6 10. Be2 Nc5 11. Be3 Nf6 12. Bf3 Ne8 13. g4 f5 14. gxf5 gxf5 15. Nf1
Qh4 16. Bxc5 dxc5 17. Qe2 Nd6 18. Ng3 Kh8 19. O-O-O Qf4+ 20. Kb1 fxe4 21. Bxe4
Qxf2 22. Qh5 Nxe4 23. Ncxe4 Bf5 24. Ka1 Bg6 25. Qxg6 hxg6 26. Nxf2 Rxf2 27. Ne4
Re2 28. Nxc5 e4 29. Ne6 Bxb2+ 30. Kb1 Be5 31. Rhe1 Rb2+ 32. Kc1 Rxa2 33. Rxe4
Ra1+ 34. Kc2 Rxd1 35. Kxd1 Bg3 36. Kc2 a4 37. Kb2 Ra5 38. Nxc7 Bxc7 39. Re8+
Kg7 40. Re7+ Kf6 41. Rxc7 Ra8 42. Ka3 Rh8 43. Kxa4 Rxh3 44. Rxb7 g5 45. Rb2 Rh8
46. Re2 g4 47. Kb5 g3 48. c5 Rh2 49. Re1 Rb2+ 50. Kc6 g2 51. d6 Re2 52. Rg1 1-0

[Event "4NCL/Div3/CAMB1 vs. PPA1"]
[Site "Telford ENG"]
[Date "2005.05.28"]
[Round "9.5"]
[White "Regan, Natasha"]
[Black "Byway, Paul"]
[Result "1-0"]
[WhiteElo "2208"]
[BlackElo "2193"]
[PlyCount "79"]
[EventDate "2005.05.28"]
[EventType "team"]
[EventRounds "11"]
[EventCountry "ENG"]
[SourceDate "2004.09.21"]

1. e4 c5 2. d4 cxd4 3. c3 Nc6 4. cxd4 d5 5. Nc3 e6 6. e5 Qb6 7. Nf3 Bb4 8. a3
Bxc3+ 9. bxc3 Na5 10. Bd3 Bd7 11. O-O Ne7 12. a4 Nc4 13. Bg5 Nc6 14. Bxc4 dxc4
15. d5 exd5 16. Qxd5 Be6 17. Qe4 h6 18. Be3 Qa5 19. Rab1 Qd5 20. Qf4 b6 21.
Rfd1 Qa5 22. Qe4 Rc8 23. Rd6 Qxa4 24. Rxe6+ fxe6 25. Qg6+ Kd7 26. Qxg7+ Ne7 27.
Nd4 Qa5 28. Qf6 Qd5 29. Bxh6 Rhg8 30. g3 Rg6 31. Qf4 Rxh6 32. Qxh6 Qxe5 33. Qd2
Qd5 34. Re1 e5 35. Qg5 Rc5 36. h4 Qd6 37. Nf5 Qe6 38. Rd1+ Rd5 39. Qxe7+ Qxe7
40. Rxd5+ 1-0

[Event "4NCL/Div3/CAMB1 vs. PPA1"]
[Site "Telford ENG"]
[Date "2005.05.28"]
[Round "9.7"]
[White "Garner, David"]
[Black "Dignam, Matthew"]
[Result "0-1"]
[WhiteElo "2191"]
[BlackElo "2171"]
[PlyCount "96"]
[EventDate "2005.05.28"]
[EventType "team"]
[EventRounds "11"]
[EventCountry "ENG"]
[SourceDate "2004.09.21"]

1. e4 c5 2. c3 d5 3. exd5 Qxd5 4. d4 Nf6 5. Nf3 e6 6. Be3 b6 7. c4 Qd8 8. Be2
Be7 9. O-O O-O 10. Ne5 Bb7 11. Bf3 Qc8 12. dxc5 bxc5 13. Nc3 Nc6 14. Nxc6 Bxc6
15. Qe2 Qb7 16. Bxc6 Qxc6 17. Rad1 Rfd8 18. Rxd8+ Rxd8 19. Rd1 Rxd1+ 20. Qxd1
Nd7 21. f3 h6 22. Qd2 Ne5 23. b3 a6 24. Ne4 Qd7 25. Qe2 Qc6 26. Bf4 Ng6 27. Bg3
Nh4 28. Bf2 Nf5 29. Qd2 Qc7 30. a3 Qe5 31. Qc3 Nd4 32. Qd3 Nxb3 33. g3 Nd4 34.
Kg2 f5 35. Nd2 Bf6 36. f4 Qc7 37. Bxd4 Bxd4 38. Nf3 Qb7 39. Qe2 Kf7 40. Qc2 g5
41. fxg5 hxg5 42. g4 Kf6 43. Kg3 Qc7+ 44. Kg2 Qf4 45. h3 fxg4 46. Nxd4 gxh3+
47. Kxh3 cxd4 48. a4 Qf5+ 0-1

[Event "4NCL/Div3/CAMB1 vs. PPA1"]
[Site "Telford ENG"]
[Date "2005.05.28"]
[Round "9.8"]
[White "Djabri, Kathy"]
[Black "Churm, Rohan M"]
[Result "0-1"]
[WhiteElo "2003"]
[BlackElo "2178"]
[PlyCount "58"]
[EventDate "2005.05.28"]
[EventType "team"]
[EventRounds "11"]
[EventCountry "ENG"]
[SourceDate "2004.09.21"]

1. e4 e5 2. Nc3 Nf6 3. Bc4 Nc6 4. d3 Bb4 5. Nf3 d6 6. Bg5 Na5 7. Bb3 Nxb3 8.
axb3 c6 9. O-O h6 10. Be3 O-O 11. h3 Ba5 12. Qe2 Re8 13. Bd2 Bb6 14. Rfd1 Qe7
15. Re1 Bd7 16. Be3 Bc7 17. Qd2 d5 18. Rxa7 d4 19. Rxa8 Rxa8 20. Nxd4 exd4 21.
Bxd4 Nh5 22. Qe3 Ra5 23. Qf3 Rf5 24. Qd1 Rg5 25. Be3 Bxh3 26. Bxg5 Qxg5 27. Qf3
Bg4 28. Qe3 Bf4 29. Qd4 Bf3 0-1

[Event "4NCL/Div3/GUI3 vs. AD2"]
[Site "Telford ENG"]
[Date "2005.05.28"]
[Round "9.1"]
[White "Buckley, Graeme"]
[Black "Wheeler, Darren P"]
[Result "1-0"]
[WhiteElo "2417"]
[BlackElo "2239"]
[PlyCount "65"]
[EventDate "2005.05.28"]
[EventType "team"]
[EventRounds "11"]
[EventCountry "ENG"]
[SourceDate "2004.09.21"]

1. d4 e6 2. e4 d5 3. e5 c5 4. c3 Nc6 5. Nf3 Qb6 6. a3 c4 7. Nbd2 Bd7 8. g3 f6
9. exf6 gxf6 10. Bg2 O-O-O 11. O-O Na5 12. Re1 Ne7 13. Rb1 Nec6 14. Qc2 Bd6 15.
b4 cxb3 16. Nxb3 Nxb3 17. Rxb3 Qc7 18. Bh6 Na5 19. Rbb1 Nc4 20. Qa2 Rhg8 21.
Nd2 b5 22. a4 Qa5 23. Ra1 Rg6 24. Be3 Nxe3 25. Rxe3 bxa4 26. Rb1 Kc7 27. c4 Bb4
28. cxd5 Bxd2 29. Qc4+ Kd6 30. Rxe6+ Bxe6 31. Qc6+ Ke7 32. Qxe6+ Kf8 33. Rb7
1-0

[Event "4NCL/Div3/GUI3 vs. AD2"]
[Site "Telford ENG"]
[Date "2005.05.28"]
[Round "9.2"]
[White "Anderton, David"]
[Black "Lalic, Susan"]
[Result "1/2-1/2"]
[WhiteElo "2248"]
[BlackElo "2369"]
[PlyCount "40"]
[EventDate "2005.05.28"]
[EventType "team"]
[EventRounds "11"]
[EventCountry "ENG"]
[SourceDate "2004.09.21"]

1. d4 e6 2. c4 d5 3. Nc3 c5 4. cxd5 cxd4 5. Qa4+ Bd7 6. Qxd4 exd5 7. Qxd5 Nc6
8. Nf3 Nf6 9. Qb3 Bc5 10. e3 Qe7 11. Be2 O-O-O 12. Bd2 Kb8 13. O-O g5 14. Nxg5
Bg4 15. Rfd1 Rhg8 16. Nxf7 Be6 17. Nxd8 Bxb3 18. Nxc6+ bxc6 19. axb3 h5 20. Ra4
Rd8 1/2-1/2

[Event "4NCL/Div3/GUI3 vs. AD2"]
[Site "Telford ENG"]
[Date "2005.05.28"]
[Round "9.3"]
[White "Thompson, Ian D"]
[Black "Wallace, Paul"]
[Result "0-1"]
[WhiteElo "2275"]
[BlackElo "2172"]
[PlyCount "88"]
[EventDate "2005.05.28"]
[EventType "team"]
[EventRounds "11"]
[EventCountry "ENG"]
[SourceDate "2004.09.21"]

1. c4 e5 2. g3 Nc6 3. Bg2 g6 4. e3 Bg7 5. Ne2 d6 6. Nbc3 Nge7 7. O-O O-O 8. d3
Rb8 9. b3 a6 10. Bb2 b5 11. Qd2 b4 12. Nd5 Bb7 13. d4 Nf5 14. dxe5 dxe5 15.
Rfd1 a5 16. a3 Ra8 17. Qe1 Qb8 18. Nc1 Rd8 19. Nd3 bxa3 20. Rxa3 Nb4 21. N3xb4
axb4 22. Rxa8 Bxa8 23. Ra1 Bxd5 24. Bxd5 Qb6 25. Ra4 Rb8 26. Qa1 Qd6 27. Ra8
Rxa8 28. Qxa8+ Qf8 29. Qa5 Qd6 30. Qb5 Qf8 31. c5 Qd8 32. Qc4 Qd7 33. e4 Nd4
34. Bxd4 exd4 35. Qxb4 c6 36. Qa4 d3 37. b4 d2 38. Bb3 Qd3 39. Bc2 Qe2 40. Qb3
Bd4 41. Kg2 Qxf2+ 42. Kh3 Qf1+ 43. Kg4 h5+ 44. Kg5 Kg7 0-1

[Event "4NCL/Div3/GUI3 vs. AD2"]
[Site "Telford ENG"]
[Date "2005.05.28"]
[Round "9.4"]
[White "Pohribnyj, Chris"]
[Black "Granat, Russell G"]
[Result "0-1"]
[WhiteElo "1972"]
[BlackElo "2262"]
[PlyCount "94"]
[EventDate "2005.05.28"]
[EventType "team"]
[EventRounds "11"]
[EventCountry "ENG"]
[SourceDate "2004.09.21"]

1. d4 d5 2. c4 Bf5 3. e3 e6 4. Nf3 Nc6 5. Bd3 Bxd3 6. Qxd3 Nb4 7. Qb3 dxc4 8.
Qxc4 Nf6 9. a3 Nc6 10. Nc3 Be7 11. O-O O-O 12. e4 Nd7 13. Rd1 Na5 14. Qa2 Nb6
15. Bf4 Nac4 16. d5 e5 17. Nxe5 Bd6 18. Nxc4 Bxf4 19. Nxb6 axb6 20. Qc4 Kh8 21.
g3 Bd6 22. Nb5 f5 23. Nxd6 cxd6 24. Rac1 f4 25. gxf4 Rxf4 26. Qd4 Qh4 27. Rd3
Rxe4 28. Qc3 Rae8 29. Rg3 R4e5 30. Rh3 Qe7 31. Re3 Qg5+ 32. Rg3 Qf6 33. Rf3
Qg6+ 34. Rg3 Qf7 35. Rf3 Qxd5 36. Rd3 Qe6 37. Re3 h6 38. Rxe5 dxe5 39. Re1 Qf5
40. Qc7 Re6 41. Qxb7 e4 42. Qc8+ Kh7 43. Qc3 Rg6+ 44. Kf1 Rg4 45. Re3 Qb5+ 46.
Ke1 Rg1+ 47. Kd2 Qd5+ 0-1

[Event "4NCL/Div3/GUI3 vs. AD2"]
[Site "Telford ENG"]
[Date "2005.05.28"]
[Round "9.5"]
[White "Jackson, Adrian"]
[Black "Peddar, Stephane S G"]
[Result "1/2-1/2"]
[WhiteElo "2226"]
[BlackElo "1940"]
[PlyCount "107"]
[EventDate "2005.05.28"]
[EventType "team"]
[EventRounds "11"]
[EventCountry "ENG"]
[SourceDate "2004.09.21"]

1. e4 e6 2. d4 d5 3. Nc3 Nf6 4. e5 Nfd7 5. Nce2 c5 6. c3 Nc6 7. f4 Be7 8. Nf3
a6 9. g3 b5 10. Bh3 Nb6 11. O-O Bd7 12. Ne1 g6 13. Kh1 h5 14. dxc5 Bxc5 15. Nd3
Be7 16. Nd4 Qc7 17. Be3 Na7 18. b3 Rc8 19. Rc1 Qb7 20. Qe2 Rc7 21. Qf2 Nbc8 22.
Bg2 Nc6 23. c4 bxc4 24. bxc4 Nxd4 25. Bxd4 Bc6 26. cxd5 Bxd5 27. Rxc7 Bxg2+ 28.
Qxg2 Qxc7 29. Rc1 Qd7 30. Qc6 Qxc6+ 31. Rxc6 O-O 32. Rxa6 Rd8 33. Ra4 Bf8 34.
Nf2 Ne7 35. Kg2 Nd5 36. Kf3 Nb4 37. Ke4 Nc6 38. Be3 Nb4 39. Ra7 Nd5 40. Bd4 Nb4
41. Bb6 Rc8 42. a4 Rc4+ 43. Kf3 Nd5 44. a5 Rc3+ 45. Kg2 Rb3 46. Ne4 Nxb6 47.
axb6 Rxb6 48. Ng5 Rb2+ 49. Kf3 Rxh2 50. Rxf7 Bh6 51. Rf6 Bxg5 52. fxg5 Kg7 53.
Rxe6 Ra2 54. Re7+ 1/2-1/2

[Event "4NCL/Div3/GUI3 vs. AD2"]
[Site "Telford ENG"]
[Date "2005.05.28"]
[Round "9.6"]
[White "Rea, William"]
[Black "Richardson, Keith B"]
[Result "0-1"]
[WhiteElo "1920"]
[BlackElo "2222"]
[PlyCount "50"]
[EventDate "2005.05.28"]
[EventType "team"]
[EventRounds "11"]
[EventCountry "ENG"]
[SourceDate "2004.09.21"]

1. e4 g6 2. Nf3 Bg7 3. Bc4 d6 4. Nc3 Nf6 5. d3 O-O 6. h3 Nc6 7. a3 e5 8. Be3
Be6 9. Ba2 Bxa2 10. Nxa2 d5 11. exd5 Nxd5 12. Bg5 f6 13. Bd2 Qd7 14. O-O Rad8
15. Nc3 Nde7 16. Re1 b6 17. Qe2 Nf5 18. Rac1 Nfd4 19. Qe4 f5 20. Qh4 Nxf3+ 21.
gxf3 Nd4 22. Kg2 Qc6 23. Re3 Bf6 24. Qh6 f4 25. Re4 Nf5 0-1

[Event "4NCL/Div3/GUI3 vs. AD2"]
[Site "Telford ENG"]
[Date "2005.05.28"]
[Round "9.7"]
[White "Anderton, Matthew N"]
[Black "Wilcox, Steven R"]
[Result "1-0"]
[WhiteElo "2212"]
[BlackElo "1920"]
[PlyCount "33"]
[EventDate "2005.05.28"]
[EventType "team"]
[EventRounds "11"]
[EventCountry "ENG"]
[SourceDate "2004.09.21"]

1. e4 e5 2. Nf3 f5 3. Nxe5 Qf6 4. d4 d6 5. Nc4 fxe4 6. Nc3 Qg6 7. f3 exf3 8.
Qxf3 Nf6 9. Ne3 c6 10. Bd3 Qf7 11. O-O Be7 12. Ne4 h6 13. Qg3 Qf8 14. Nc4 d5
15. Nxf6+ Bxf6 16. Qc7 dxc4 17. Bg6+ 1-0

[Event "4NCL/Div3/GUI3 vs. AD2"]
[Site "Telford ENG"]
[Date "2005.05.28"]
[Round "9.8"]
[White "Wilcox, Charlotte"]
[Black "Lang, Heather"]
[Result "1-0"]
[WhiteElo "1920"]
[BlackElo "2068"]
[PlyCount "73"]
[EventDate "2005.05.28"]
[EventType "team"]
[EventRounds "11"]
[EventCountry "ENG"]
[SourceDate "2004.09.21"]

1. e4 e5 2. Nf3 Nc6 3. Bc4 Nf6 4. Ng5 d5 5. exd5 Na5 6. d3 h6 7. Nf3 e4 8. Qe2
Nxc4 9. dxc4 Bd6 10. Nd4 O-O 11. O-O Re8 12. Be3 c6 13. Nc3 Qe7 14. Rae1 Ng4
15. g3 c5 16. Ndb5 Bb8 17. Rd1 {=} a6 18. d6 Qd8 19. Nc7 Bxc7 20. dxc7 Qxc7 21.
Bf4 Qc6 22. Rd6 Qc7 23. Rxa6 Qxf4 24. gxf4 Rxa6 25. Kh1 Nf6 26. Rg1 h5 27. Qe3
Bg4 28. Kg2 Bf3+ 29. Kf1 Ng4 30. Qxc5 e3 31. fxe3 Rxe3 32. Rxg4 Rxc3 33. Rxg7+
Kxg7 34. Qe5+ Kg8 35. Qxc3 Rxa2 36. Qxf3 Ra1+ 37. Ke2 1-0

[Event "4NCL/Div3/3CS2 vs. PPA2"]
[Site "Telford ENG"]
[Date "2005.05.28"]
[Round "9.1"]
[White "Adams, Phil"]
[Black "Gregory, Stephen J"]
[Result "1/2-1/2"]
[WhiteElo "2120"]
[BlackElo "2167"]
[PlyCount "86"]
[EventDate "2005.05.28"]
[EventType "team"]
[EventRounds "11"]
[EventCountry "ENG"]
[SourceDate "2004.09.21"]

1. e4 d5 2. exd5 Qxd5 3. Nc3 Qa5 4. Bc4 Nf6 5. d3 c6 6. Bd2 Qc7 7. Qe2 Bg4 8.
f3 Bd7 9. g4 g6 10. Nh3 h5 11. Ng5 e6 12. O-O-O Na6 13. Rde1 Bg7 14. Nce4 Nxe4
15. fxe4 b5 16. Bb3 Nc5 17. e5 hxg4 18. d4 Nxb3+ 19. axb3 c5 20. Ne4 cxd4 21.
Nd6+ Kf8 22. Rhf1 Be8 23. Rf2 Rd8 24. Ref1 Rxd6 25. Bb4 Kg8 26. Bxd6 Qc6 27.
Kb1 Qd5 28. Re1 Rh5 29. Rf4 Rh3 30. Qxg4 Re3 31. Rd1 d3 32. Rxd3 Re1+ 33. Ka2
Qh1 34. b4 Ra1+ 35. Kb3 Qxh2 36. Rh3 Qd2 37. Rd4 Qf2 38. Qh4 Qxh4 39. Rhxh4 Bc6
40. c3 Rc1 41. Ka2 Bd5+ 42. Rxd5 exd5 43. Rd4 Re1 1/2-1/2

[Event "4NCL/Div3/3CS2 vs. PPA2"]
[Site "Telford ENG"]
[Date "2005.05.28"]
[Round "9.2"]
[White "Goodger, Martyn"]
[Black "Burton, Graham P"]
[Result "1-0"]
[WhiteElo "2161"]
[BlackElo "2110"]
[PlyCount "93"]
[EventDate "2005.05.28"]
[EventType "team"]
[EventRounds "11"]
[EventCountry "ENG"]
[SourceDate "2004.09.21"]

1. e4 c5 2. Nf3 e6 3. c3 Nf6 4. e5 Nd5 5. d4 cxd4 6. cxd4 b6 7. Bc4 Bb7 8. O-O
Be7 9. Bxd5 Bxd5 10. Nc3 Bxf3 11. Qxf3 Nc6 12. Qg3 g6 13. d5 exd5 14. Nxd5 O-O
15. Bd2 Nd4 16. Qd3 Nf5 17. Bc3 h5 18. Rad1 Re8 19. h3 Rc8 20. g4 Ng7 21. f4
Rc6 22. Nf6+ Rxf6 23. exf6 Bc5+ 24. Kh2 hxg4 25. hxg4 Re3 26. Qxd7 Re2+ 27. Kh1
Qxd7 28. Rxd7 Ne6 29. Rxa7 g5 30. fxg5 Nxg5 31. Rd7 Ne4 32. Be1 Nxf6 33. Rxf6
Rxe1+ 34. Kg2 Rg1+ 35. Kh3 Rh1+ 36. Kg3 Rg1+ 37. Kh4 Rh1+ 38. Kg5 Be3+ 39. Kf5
Rf1+ 40. Ke5 Re1 41. Rfxf7 Bc1+ 42. Kf5 Bxb2 43. Rfe7 Rf1+ 44. Kg6 Rf6+ 45. Kh5
Kf8 46. g5 Rf1 47. Kg6 1-0

[Event "4NCL/Div3/3CS2 vs. PPA2"]
[Site "Telford ENG"]
[Date "2005.05.28"]
[Round "9.3"]
[White "Hickman, Alexander"]
[Black "Winfridsson, Ola"]
[Result "1-0"]
[WhiteElo "2099"]
[BlackElo "2080"]
[PlyCount "53"]
[EventDate "2005.05.28"]
[EventType "team"]
[EventRounds "11"]
[EventCountry "ENG"]
[SourceDate "2004.09.21"]

1. d4 Nf6 2. c4 e6 3. Nf3 Bb4+ 4. Nbd2 b6 5. e3 Bb7 6. Bd3 O-O 7. O-O Bxd2 8.
Nxd2 d5 9. b3 Nbd7 10. Bb2 c5 11. Nf3 Ne4 12. Ne5 Nxe5 13. dxe5 dxc4 14. bxc4
Qh4 15. f3 Ng5 16. Qc2 Rad8 17. Rad1 f5 18. exf6 gxf6 19. Bxf6 Nh3+ 20. gxh3
Qxf6 21. Bxh7+ Kh8 22. Rxd8 Rxd8 23. Be4 Rg8+ 24. Kh1 Ba6 25. f4 Qg7 26. Qf2
Bxc4 27. Qh4+ 1-0

[Event "4NCL/Div3/3CS2 vs. PPA2"]
[Site "Telford ENG"]
[Date "2005.05.28"]
[Round "9.4"]
[White "Retallick, Lloyd"]
[Black "English, Ray"]
[Result "1-0"]
[WhiteElo "2115"]
[BlackElo "2070"]
[PlyCount "67"]
[EventDate "2005.05.28"]
[EventType "team"]
[EventRounds "11"]
[EventCountry "ENG"]
[SourceDate "2004.09.21"]

1. d4 d5 2. c4 Nc6 3. Nf3 Bg4 4. cxd5 Bxf3 5. dxc6 Bxc6 6. e3 Nf6 7. Nc3 e6 8.
Bb5 Qd7 9. Bxc6 Qxc6 10. O-O Be7 11. Qe2 Rd8 12. Rd1 O-O {=} 13. e4 Bb4 14. Bg5
Bxc3 15. Bxf6 gxf6 16. bxc3 Kh8 17. Qf3 e5 18. d5 Qd6 19. c4 c5 20. a4 Rg8 21.
Rdb1 b6 22. a5 Rd7 23. axb6 axb6 24. Ra6 Rb7 25. Rba1 Rg6 26. h4 h6 27. Ra8+
Kg7 28. Rc8 Rc7 29. Qf5 Rxc8 30. Qxc8 Qf8 31. Qb7 f5 32. Ra8 Qd6 33. Qc8 Rg4
34. h5 1-0

[Event "4NCL/Div3/3CS2 vs. PPA2"]
[Site "Telford ENG"]
[Date "2005.05.28"]
[Round "9.5"]
[White "Glover, Richard"]
[Black "Sirisena, Chantal"]
[Result "1/2-1/2"]
[WhiteElo "1940"]
[BlackElo "1927"]
[PlyCount "43"]
[EventDate "2005.05.28"]
[EventType "team"]
[EventRounds "11"]
[EventCountry "ENG"]
[SourceDate "2004.09.21"]

1. e4 c5 2. Nf3 e6 3. Nc3 a6 4. d4 cxd4 5. Nxd4 Qc7 6. g3 Nf6 7. Bg2 Bb4 8. Bd2
O-O 9. O-O Bc5 10. Bg5 Qe5 11. Nf3 Qc7 12. e5 Ng4 13. Qe2 f6 14. exf6 Nxf6 15.
Bf4 d6 16. Nd2 Nc6 17. Nb3 Nd4 18. Qd3 e5 19. Be3 Bf5 20. Qc4+ Qf7 21. Qxf7+
Rxf7 22. Nd5 1/2-1/2

[Event "4NCL/Div3/3CS2 vs. PPA2"]
[Site "Telford ENG"]
[Date "2005.05.28"]
[Round "9.6"]
[White "Donaghay, Richard H"]
[Black "Compston, Michael"]
[Result "1-0"]
[WhiteElo "1970"]
[BlackElo "1835"]
[PlyCount "83"]
[EventDate "2005.05.28"]
[EventType "team"]
[EventRounds "11"]
[EventCountry "ENG"]
[SourceDate "2004.09.21"]

1. e4 d5 2. exd5 Qxd5 3. Nc3 Qa5 4. Nf3 c6 5. Bc4 Bf5 6. b4 Qc7 7. Bb2 e6 8. a3
Nf6 9. d3 Nbd7 10. Qe2 Be7 11. Nd4 O-O-O 12. Nxf5 exf5 13. O-O-O Ne5 14. Nb5
Nxd3+ 15. Bxd3 cxb5 16. Bxf5+ Kb8 17. Be5 Bd6 18. Rxd6 Rxd6 19. Qxb5 Rhd8 20.
Qc5 b6 21. Qxc7+ Kxc7 22. Rd1 Kc6 23. Rxd6+ Rxd6 24. Bxd6 Kxd6 25. f3 Ke5 26.
Bd3 Nd5 27. Kd2 f5 28. g3 g5 {=} 29. c4 Nf6 30. Kc3 h5 31. c5 bxc5 32. bxc5 Kd5
33. Kb4 Nd7 34. Bc4+ Kd4 35. c6 Nb6 36. Bf7 h4 37. gxh4 gxh4 38. a4 Ke5 39. a5
Nc8 40. Kc5 f4 41. Bh5 Ne7 42. c7 1-0

[Event "4NCL/Div3/3CS2 vs. PPA2"]
[Site "Telford ENG"]
[Date "2005.05.28"]
[Round "9.7"]
[White "Gavin, Richard A"]
[Black "Ribbands, Patrick C"]
[Result "0-1"]
[WhiteElo "1870"]
[BlackElo "1945"]
[PlyCount "66"]
[EventDate "2005.05.28"]
[EventType "team"]
[EventRounds "11"]
[EventCountry "ENG"]
[SourceDate "2004.09.21"]

1. d4 g6 2. c4 Bg7 3. Nc3 d6 4. e4 e5 5. d5 f5 6. Nf3 Nf6 7. Bd3 f4 8. b4 O-O
9. Qb3 a5 10. b5 Bg4 11. Ng5 Qe7 12. h3 Bc8 13. Ba3 h6 14. Nf3 Nbd7 15. c5 Kh7
16. c6 bxc6 17. bxc6 Nb6 18. O-O Nh5 19. Qd1 Qf7 20. Qe2 g5 21. Nh2 Nf6 22. Nb5
Rg8 23. Rab1 Bf8 24. Nxd6 Bxd6 25. Bxd6 cxd6 26. Rxb6 Rg7 27. Rfb1 g4 28. hxg4
Nxg4 29. Nxg4 Bxg4 30. f3 Bc8 31. Rb8 Rxb8 32. Rxb8 Qa7+ 33. Kh2 Qxb8 0-1

[Event "4NCL/Div3/OXF1 vs. PPA2"]
[Site "Telford ENG"]
[Date "2005.05.29"]
[Round "10.1"]
[White "Bilalic, Merim"]
[Black "Goodger, Martyn"]
[Result "0-1"]
[WhiteElo "2292"]
[BlackElo "2161"]
[PlyCount "86"]
[EventDate "2005.05.29"]
[EventType "team"]
[EventRounds "11"]
[EventCountry "ENG"]
[SourceDate "2004.09.21"]

1. e4 e5 2. Nc3 Nf6 3. Nf3 Nc6 4. d4 exd4 5. Nxd4 Bb4 6. Nxc6 bxc6 7. Bd3 d5 8.
exd5 cxd5 9. O-O O-O 10. Bg5 c6 11. Qf3 Be7 12. h3 h6 13. Bf4 Bd6 14. Na4 Be6
15. Qe3 Bxf4 16. Qxf4 Qa5 17. c3 c5 18. Bc2 Rab8 19. Rfb1 d4 20. cxd4 Rb4 21.
Nc3 Rxd4 22. Qe5 Re8 23. Re1 Rd2 24. Ba4 Bd7 25. Qf4 Rd4 26. Rxe8+ Nxe8 27. Qb8
Bxa4 28. Re1 Rd8 29. Qf4 Bd7 30. Re7 Be6 31. Rb7 Nd6 32. Re7 Nf5 33. Rb7 Nd4
34. Kh2 Qa6 35. Qc7 Rd7 36. Qc8+ Kh7 37. Rb8 Qd6+ 38. Kg1 Re7 39. Qg8+ Kg6 40.
g4 Nf3+ 41. Kg2 Nh4+ 42. Kg1 Qc6 43. Kf1 Bc4+ 0-1

[Event "4NCL/Div3/OXF1 vs. PPA2"]
[Site "Telford ENG"]
[Date "2005.05.29"]
[Round "10.2"]
[White "Gregory, Stephen J"]
[Black "Ozeren, Kemal"]
[Result "0-1"]
[WhiteElo "2167"]
[BlackElo "2292"]
[PlyCount "120"]
[EventDate "2005.05.29"]
[EventType "team"]
[EventRounds "11"]
[EventCountry "ENG"]
[SourceDate "2004.09.21"]

1. e4 c6 2. d4 d5 3. Nc3 dxe4 4. Nxe4 Bf5 5. Ng3 Bg6 6. h4 h6 7. Nf3 Nd7 8. h5
Bh7 9. Bd3 Bxd3 10. Qxd3 e6 11. Bd2 Ngf6 12. O-O-O Be7 13. Kb1 O-O 14. c4 b5
15. cxb5 cxb5 16. Rc1 Qb6 17. Ne4 Rac8 18. Nxf6+ Nxf6 19. Ne5 Qb7 20. f3 Rfd8
21. Rxc8 Rxc8 22. g4 Nd7 23. Re1 Nxe5 24. Rxe5 a6 25. a3 Bf6 26. Rc5 Rd8 27.
Bc3 Qd7 28. Ba5 Qxd4 29. Qxd4 Rxd4 30. Rc8+ Kh7 31. Rc6 Rf4 32. Rxa6 Rxf3 33.
Rc6 e5 34. Rc5 e4 35. Rxb5 e3 36. Rc5 Rf1+ 37. Rc1 e2 38. Re1 Bh4 39. Rc1 Rxc1+
40. Kxc1 Kg8 41. Kc2 Kf8 42. Kd3 e1=Q 43. Bxe1 Bxe1 44. Ke4 Ke7 45. Kd5 Kd7 46.
b4 Kc7 47. Kc5 Bf2+ 48. Kd5 Bg3 49. a4 Kb6 50. Kc4 Bd6 51. b5 Bg3 52. Kd5 Bf4
53. Ke4 Bd6 54. Kd5 Bg3 55. Kd4 Ka5 56. Kd5 Kxa4 57. Kc6 Ka5 58. b6 Ka6 59. Kd7
Kxb6 60. Ke7 Be5 0-1